书目信息 |
| 题名: |
魂归何处
|
|
| 作者: | 赖大仁 著 | |
| 分册: | ||
| 出版信息: | 北京 华夏出版社 2000.04 |
|
| 页数: | 224页 | |
| 开本: | 32开 | |
| 丛书名: | ||
| 单 册: | ||
| 中图分类: | I206.7 | |
| 科图分类: | ||
| 主题词: | 文学--中国 | |
| 电子资源: | ||
| ISBN: | 7-5080-2124-X | |
| 000 | 00520nam0 2200193 45 | |
| 001 | 0008171759 | |
| 005 | 20000817174120.6 | |
| 010 | @a7-5080-2124-X@d12.00元 | |
| 100 | @a20000817d2000 km y0chiy0120 ea | |
| 101 | 0 | @achi |
| 105 | @a z 000yy | |
| 200 | 1 | @a魂归何处@AHun Gui He Chu@f赖大仁 著@FLai Da Ren Zhu |
| 210 | @a北京@c华夏出版社@d2000.04 | |
| 215 | @a224页@d32开 | |
| 606 | 0 | @a文学@x中国 |
| 690 | @aI206.7@v3 | |
| 701 | 0 | @a赖大仁@4著 |
| 801 | @aCN@bPftUser@c20000817 | |
| 905 | @b110048-052@dI206.7@eL108@f5 | |
| 魂归何处/赖大仁 著.-北京:华夏出版社,2000.04 |
| 224页;32开 |
| ISBN 7-5080-2124-X:12.00元 |
| ● |
| 相关链接 |
|
|
|
正题名:魂归何处
索取号:I206.7/L108
 
预约/预借
| 序号 | 登录号 | 条形码 | 馆藏地/架位号 | 状态 | 备注 |
| 1 | 110048 | 201100487 | 文学库108/ [索取号:I206.7/L108] |
已借出,限还日期为2037.02.16 借出人:中级法院 |
|
| 2 | 110049 | 201100496 | 社科二线400B/400B社科库 11排1列4层/ [索取号:I206.7/L108] | 在馆 | |
| 3 | 110050 | 201100502 | 社科二线422/422社科库 23排2列2层/ [索取号:I206.7/L108] | 在馆 | |
| 4 | 110051 | 201100511 | 社科二线400B/400B社科库 11排1列4层/ [索取号:I206.7/L108] | 在馆 | |
| 5 | 110052 | 201100520 | 文学库108/108文学库 6排5列5层/ [索取号:I206.7/L108] | 在馆 |